Parts of a Map - Statistics

General Stats
  • This quiz has been taken 15 times
  • The average score is 3 of 5
Answers on the Map
Answers color-coded by a green-red scale on the quiz's map according to % correct below.
 
Answer Stats
Answer % Correct
Legend
92%
Scale
77%
Compass Rose
69%
Title
54%
Grid
23%
No matching quizzes found
Score Distribution
Percent of People with Each Score
Percentile by Number Answered
Your Score History
You have not taken this quiz